| 000 | 00814nac a22002291u 4500 | ||
|---|---|---|---|
| 010 | _a 92007175 | ||
| 020 | _a0127426868 | ||
| 082 | 0 | 0 |
_a005.133 _bW428 |
| 090 |
_c4443 _d4443 |
||
| 100 | _aWeiskamp, Keith. | ||
| 245 | 1 | 4 |
_aThe complete C++ primer / _cKeith Weiskamp, Bryan Flamig. |
| 250 | _a2nd ed. | ||
| 260 |
_aBoston : _bAcademic Press, _cc1992. |
||
| 300 |
_axvii, 540 p. : _bill. ; _c24 cm. |
||
| 500 | _a"Includes features of the new version 2.1 and templates"--Cover. | ||
| 500 | _aIncludes index. | ||
| 650 | 0 | _aC++ (Computer program language) | |
| 700 | 1 | _aFlamig, Bryan. | |
| 740 | 0 | _aComplete C plus plus primer. | |
| 942 |
_cBB _k005.133W428 |
||
| 999 |
_c4443 _d4443 |
||